01150nam a22002657a 4500003000500000005001700005008004100022020003000063040002300093082002300116100001300139110002500152245003500177250001900212260006400231300004100295520012200336521004500458650003400503651001700537942005800554999001900612952011900631952013400750322820240731132839.0240731b sa ||||| |||| 00| 0 eng d a9781770082113cHard Cover a3228bEnglishcrda 223aJ 371.425 WALL aWaller T aSouth Africa9183486 aChoosing a career, Workesheets aSecond Edition aSouth Africa:bAwareness Publishing Group (Pty) Ltd;cc2010 a46 Pages.;bColoured Picturesc21 cm aPhotocopiable worksheets to accompany the reading books in the series choosing a career-careers without a university. aJunior Non-Fiction -;Juvenile Literature 2Choosing a career, Worksheets 2South Africa 2ddccBOOKe23w8485xJulia Mabuzay8485zJulia Mabuza c765824d765823 00102ddc40718300aNTHOLbNTHOLcNon_Fictiond2024-07-31l0o23 J 371.425 WALLr2024-07-31t3w2024-07-31yBOOK 00102ddc40718300aNTHOLbNTHOLcNon_Fictiond2024-07-31i3322830064991l0o23 J 371.425 WALLr2024-07-31t3w2024-07-31yBOOK